| 000 | 00622nam a2200229 a 4500 | ||
|---|---|---|---|
| 005 | 20210219153524.0 | ||
| 008 | 991125n 000 0 u | ||
| 035 | _aUPN01000104665 | ||
| 100 | _aTerry, Eleanor F. | ||
| 222 | _aNASPA JOURNAL | ||
| 245 | _aValues systems change and the collegiate environment : the freshman experience | ||
| 300 | _a261-267 | ||
| 362 | _a29, No. 4, 1992 | ||
| 505 | _aEnero 1993 | ||
| 653 | 0 | _aACTITUDES DEL ESTUDIANTE | |
| 653 | 0 | _aAMBIENTE ESCOLAR | |
| 653 | 0 | _aCAMBIO DE ACTITUD | |
| 653 | 0 | _aESTUDIANTES | |
| 653 | 0 | _aVALORES | |
| 904 |
_aAC _b042476 |
||
| 905 | _aArticulo | ||
| 999 |
_c79049 _d79049 |
||